[Event "Capablanca said..."]
[Site "http://www.queenalice.com/game.php?id=736384"]
[Date "2010.2.23"]
[Round "-"]
[White "MCMXI"]
[Black "tranquilli_calmo"]
[Result "1-0"]
[WhiteElo "2018"]
[BlackElo "2060"]

1. d4 Nf6 2. c4 e6 3. Nf3 d5 4. Nc3 c6 5. e3 Nbd7 6. Qc2 Bb4 7. Bd3 dxc4 8. Bxc4
Qc7 9. O-O O-O 10. Bd2 e5 11. Nb5 Qa5 12. Bxb4 Qxb4 13. Nc7 Rb8 14. dxe5 Nxe5
15. Nxe5 Qd6 16. Na6 Qxe5 17. Nxb8 Qxb8 18. Rad1 Ng4 19. g3 Qe5 20. Rfe1 Qh5 21.
f4 Re8 22. Rd2 g6 23. Qc3 h6 24. Bf1 Qf5 25. e4 Qe6 26. Qc5 b6 27. Qa3 a5 28. e5
h5 29. Rd6 Qe7 30. Rxc6 Qd7 31. Qc3 Rd8 32. e6 1-0

[Event "Let's Play Chess!"]
[Site "http://www.queenalice.com/game.php?id=763931"]
[Date "2010.4.20"]
[Round "-"]
[White "Panzer85"]
[Black "MCMXI"]
[Result "0-1"]
[WhiteElo "1794"]
[BlackElo "2066"]

1. e4 c5 2. Nf3 e6 3. d4 cxd4 4. Nxd4 a6 5. Nc3 Qc7 6. Bd3 Nc6 7. Nxc6 dxc6 8.
O-O Nf6 9. Qe2 Bd6 10. h3 b5 11. Bg5 Bb7 12. Bxf6 gxf6 13. a3 c5 14. Qf3 f5 15.
b3 Bh2+ 16. Kh1 Be5 17. Nxb5 axb5 18. Bxb5+ Ke7 19. Rad1 Bxe4 20. Qh5 Bxg2+ 21.
Kxg2 Qb7+ 22. Kg1 Rhg8+ 23. Qg4 fxg4 24. Rd7+ Qxd7 25. Bxd7 Kxd7 26. Rd1+ Ke7
27. hxg4 Rxg4+ 28. Kf1 Rxa3 29. Re1 Bd4 30. f3 Rg1+ 31. Ke2 Rg2+ 32. Kd3 Ra2 33.
Re2 Rxe2 34. Kxe2 h5 35. Kd3 h4 36. c3 Bf2 0-1

[Event "Let's Play Chess!"]
[Site "http://www.queenalice.com/game.php?id=763932"]
[Date "2010.4.21"]
[Round "-"]
[White "MCMXI"]
[Black "Panzer85"]
[Result "1-0"]
[WhiteElo "2071"]
[BlackElo "1788"]

1. d4 Nf6 2. c4 g6 3. Nc3 Bg7 4. e4 d6 5. Be2 O-O 6. Nf3 e5 7. Be3 Ng4 8. Bg5 f6
9. Bh4 Nc6 10. d5 Ne7 11. h3 Nh6 12. Qd2 c5 13. O-O b6 14. a4 a6 15. Rfb1 g5 16.
Bg3 g4 17. hxg4 Bxg4 18. b4 Bxf3 19. Bxf3 f5 20. bxc5 bxc5 21. Rb7 fxe4 22. Nxe4
Nef5 23. Bh2 Nh4 24. Bh5 Rf5 25. Qe2 Kh8 26. Rab1 Qg8 27. Bg3 Ng6 28. Bxg6 hxg6
29. Nxd6 Rf6 30. Bxe5 Rff8 31. Bxg7+ Qxg7 32. Rxg7 Kxg7 33. Rb7+ Nf7 34. Qe5+
Kg8 35. Qf6 Kh7 36. Nxf7 Rxf7 37. Rxf7+ 1-0

[Event "Let's Play Chess!"]
[Site "http://www.queenalice.com/game.php?id=771900"]
[Date "2010.5.7"]
[Round "-"]
[White "utilizator33"]
[Black "MCMXI"]
[Result "0-1"]
[WhiteElo "1635"]
[BlackElo "2137"]

1. d4 Nf6 2. Nf3 g6 3. h3 Bg7 4. e3 O-O 5. Bd3 d5 6. c3 Nc6 7. Nbd2 Re8 8. O-O
e5 9. dxe5 Nxe5 10. Nxe5 Rxe5 11. Nf3 Re8 12. a3 Be6 13. Bd2 Ne4 14. Bc2 c5 15.
Bxe4 dxe4 16. Nh2 Bc4 17. b3 Bxf1 18. Nxf1 Qb6 19. Rb1 Qa6 20. a4 Qd3 21. Qc1
Rac8 22. c4 Red8 23. b4 cxb4 24. Rxb4 b6 25. f3 Bf8 26. Rb5 Rxc4 27. Qd1 Bb4 28.
fxe4 Bxd2 0-1

[Event "Let's Play Chess!"]
[Site "http://www.queenalice.com/game.php?id=773113"]
[Date "2010.5.9"]
[Round "-"]
[White "Capixaba789"]
[Black "MCMXI"]
[Result "0-1"]
[WhiteElo "1750"]
[BlackElo "2091"]

1. d4 Nf6 2. Nc3 d5 3. Nf3 g6 4. Bd2 Bg7 5. g3 O-O 6. Bg2 c5 7. dxc5 Nc6 8. Bf4
d4 9. Nb5 Qa5+ 10. Qd2 Qxb5 11. O-O Rd8 12. Rab1 Be6 13. b3 Qxc5 14. Qc1 Nd5 15.
Bd2 Ncb4 16. Qb2 d3 17. exd3 Bxb2 0-1

[Event "Let's Play Chess!"]
[Site "http://www.queenalice.com/game.php?id=773114"]
[Date "2010.5.9"]
[Round "-"]
[White "MCMXI"]
[Black "Capixaba789"]
[Result "1-0"]
[WhiteElo "2098"]
[BlackElo "1748"]

1. d4 d6 2. e4 Nc6 3. Nf3 Bg4 4. d5 Ne5 5. Be2 Nxf3+ 6. Bxf3 Bxf3 7. Qxf3 Qd7 8.
O-O Nf6 9. Bg5 h6 10. Bxf6 gxf6 11. Nc3 O-O-O 12. a4 e5 13. a5 Be7 14. a6 b6 15.
Na2 Rdg8 16. Nb4 Kb8 17. Nc6+ Ka8 18. Qd3 Rh7 19. g3 h5 20. Qb5 h4 21. Nxa7 Kxa7
22. Qxd7 1-0

[Event "Let's Play Chess!"]
[Site "http://www.queenalice.com/game.php?id=773132"]
[Date "2010.5.9"]
[Round "-"]
[White "clk"]
[Black "MCMXI"]
[Result "0-1"]
[WhiteElo "1808"]
[BlackElo "2093"]

1. Nc3 c5 2. b3 d5 3. e3 e5 4. d3 d4 5. Ne4 f5 6. Ng3 Nc6 7. Qf3 Nf6 8. Nxf5 g6
9. Nh4 g5 10. exd4 Bg4 11. Qe3 cxd4 12. Qxg5 Bb4+ 13. Bd2 Rg8 14. Ng6 Rxg6 15.
Qh4 Bxd2+ 16. Kxd2 Qa5+ 17. Kc1 Qe1+ 18. Kb2 Qc3+ 19. Ka3 Nb4 20. Rc1 Nfd5 21.
f3 Ra6# 0-1

[Event "Let's Play Chess!"]
[Site "http://www.queenalice.com/game.php?id=773418"]
[Date "2010.5.10"]
[Round "-"]
[White "MCMXI"]
[Black "plonius"]
[Result "0-1"]
[WhiteElo "2100"]
[BlackElo "2124"]

1. d4 d5 2. c4 dxc4 3. e4 e5 4. Nf3 exd4 5. Qxd4 Qxd4 6. Nxd4 Nf6 7. Bxc4 Bc5 8.
Nb3 Nxe4 9. Nxc5 Nxc5 10. Nc3 Be6 11. Be2 Nba6 12. Be3 O-O-O 13. O-O Nd3 14.
Rfd1 Nxb2 15. Rd4 c5 16. Rxd8+ Rxd8 17. Bxa6 bxa6 18. Bxc5 Rd7 19. Be3 f5 20. h3
g6 21. a3 Bf7 22. Ne2 Nc4 23. Bf4 Kb7 24. Rb1+ Kc6 25. a4 Nb6 26. Rc1+ Kb7 27.
Nc3 a5 28. Re1 Ka6 29. Rb1 Rd4 30. Be5 Rc4 31. Re1 Be8 32. Bh8 Bxa4 33. Re7 Bb3
34. Rxh7 a4 35. Ne2 a3 36. Kh2 a2 37. Re7 Rc2 38. Nf4 g5 39. Nd3 Kb5 40. f4 Bc4
41. Ne1 Rc1 42. Nf3 Nd5 43. Rxa7 gxf4 44. Bb2 Rd1 45. Rd7 Rb1 46. Bg7 Ne3 47.
Ng1 Rc1 0-1

[Event "Let's Play Chess!"]
[Site "http://www.queenalice.com/game.php?id=780718"]
[Date "2010.5.26"]
[Round "-"]
[White "MCMXI"]
[Black "Kavorka"]
[Result "1-0"]
[WhiteElo "2085"]
[BlackElo "1841"]

1. d4 c6 2. e4 d6 3. f4 b5 4. Nf3 Bg4 5. a4 b4 6. h3 Bxf3 7. Qxf3 e6 8. Be3 a5
9. Nd2 Ne7 10. O-O-O g6 11. d5 exd5 12. exd5 c5 13. Bb5+ Nd7 14. Ne4 Nf5 15. g4
Nxe3 16. Qxe3 Be7 17. Nxc5 Ra7 18. Rhe1 O-O 19. Nxd7 Rxd7 20. Bxd7 Qxd7 21. Qxe7
Qxa4 22. Qf6 Rc8 23. b3 Qd7 24. Re7 Rxc2+ 25. Kxc2 Qc8+ 26. Kb1 1-0

[Event "Let's Play Chess!"]
[Site "http://www.queenalice.com/game.php?id=785014"]
[Date "2010.6.3"]
[Round "-"]
[White "babycrocket"]
[Black "MCMXI"]
[Result "0-1"]
[WhiteElo "1799"]
[BlackElo "2093"]

1. e4 c5 2. d3 Nc6 3. c3 d5 4. Nd2 Nf6 5. Be2 e5 6. Qc2 Be7 7. Nf1 O-O 8. Ng3
Be6 9. Nf3 h6 10. h3 Qc7 11. d4 cxd4 12. cxd4 exd4 13. Nxd4 Qa5+ 0-1

[Event "Let's Play Chess!"]
[Site "http://www.queenalice.com/game.php?id=785287"]
[Date "2010.6.4"]
[Round "-"]
[White "foudangereux"]
[Black "MCMXI"]
[Result "1-0"]
[WhiteElo "2232"]
[BlackElo "2129"]

1. e4 c5 2. Nf3 e6 3. d4 cxd4 4. Nxd4 a6 5. c4 Nf6 6. Nc3 Bb4 7. Qd3 d5 8. exd5
O-O 9. dxe6 Bxe6 10. Nxe6 fxe6 11. Qh3 Qd4 12. Bd2 Nc6 13. Qxe6+ Kh8 14. O-O-O
Qxf2 15. Qh3 Rad8 16. Bd3 Ne5 17. Bc2 Bxc3 18. Bxc3 Qf4+ 19. Kb1 Ne4 20. Bb4
Rxd1+ 21. Rxd1 Re8 22. g3 Qf3 23. Rf1 Ng5 24. Rxf3 Nxh3 25. Re3 Ng5 26. Bc3 Ngf7
27. Bb3 h6 28. c5 1-0

[Event "Let's Play Chess!"]
[Site "http://www.queenalice.com/game.php?id=785288"]
[Date "2010.6.4"]
[Round "-"]
[White "MCMXI"]
[Black "foudangereux"]
[Result "0-1"]
[WhiteElo "2139"]
[BlackElo "2222"]

1. d4 d5 2. c4 Nc6 3. Nc3 dxc4 4. Nf3 Nf6 5. d5 Na5 6. Qa4+ c6 7. b4 b5 8. Qxa5
Qxa5 9. bxa5 b4 10. Na4 cxd5 11. a3 b3 12. Nc3 Bf5 13. h3 e6 14. g4 Bg6 15. Bb2
Ne4 16. Ne5 d4 17. Nxe4 Bxe4 18. f3 c3 19. fxe4 cxb2 20. Rb1 Bxa3 21. e3 dxe3
22. Ba6 Rd8 23. Bb5+ Kf8 24. Ke2 Rd2+ 25. Kxe3 Rc2 26. Rhd1 g5 0-1

[Event "Let's Play Chess!"]
[Site "http://www.queenalice.com/game.php?id=785712"]
[Date "2010.6.4"]
[Round "-"]
[White "Ranj"]
[Black "MCMXI"]
[Result "0-1"]
[WhiteElo "1982"]
[BlackElo "2129"]

1. e4 c5 2. Nf3 e6 3. c3 d5 4. exd5 exd5 5. Bb5+ Nc6 6. O-O Bd6 7. d4 Ne7 8. Bg5
cxd4 9. cxd4 f6 10. Be3 O-O 11. Nc3 Bf5 12. Nh4 Bd7 13. a3 Qc7 14. h3 Qb6 15.
Bd3 f5 16. Na4 Qd8 17. Nc5 f4 18. Bc1 Bc8 19. b4 a5 20. Qh5 h6 21. Bb2 axb4 22.
axb4 Rxa1 23. Rxa1 Nxb4 24. Bb1 Qe8 25. Bg6 Nxg6 26. Qxg6 Bc7 27. Bc3 Nc6 28.
Re1 Qf7 29. Qd3 Qh5 30. Nf3 Rf6 31. Ne5 Bf5 32. Qf3 Qxf3 33. Nxf3 b5 34. Nh4 b4
35. Bb2 Bh7 36. Nd7 Rd6 37. Ne5 b3 38. Nhf3 Bc2 39. Ra1 Bb6 40. Nh4 Nxd4 41.
Bxd4 Bxd4 42. Ra8+ Kh7 43. Nf7 g5 44. Nxd6 b2 45. Rb8 gxh4 0-1

[Event "Let's Play Chess!"]
[Site "http://www.queenalice.com/game.php?id=785713"]
[Date "2010.6.4"]
[Round "-"]
[White "MCMXI"]
[Black "Ranj"]
[Result "1-0"]
[WhiteElo "2131"]
[BlackElo "1987"]

1. d4 d5 2. c4 e6 3. Nc3 Nf6 4. cxd5 exd5 5. Bg5 Be7 6. e3 O-O 7. Bd3 c5 8. Nge2
c4 9. Bc2 Nc6 10. Nf4 Be6 11. O-O h6 12. Bh4 Qd7 13. Qe2 Rad8 14. a3 Bf5 15.
Bxf6 Bxf6 16. Bxf5 Qxf5 17. g4 Qg5 18. Nfxd5 Rfe8 19. f4 Qh4 20. Qg2 Kh8 21. Rf3
1-0

[Event "Let's Play Chess!"]
[Site "http://www.queenalice.com/game.php?id=786320"]
[Date "2010.6.6"]
[Round "-"]
[White "MCMXI"]
[Black "HelderNanques"]
[Result "1-0"]
[WhiteElo "2099"]
[BlackElo "2086"]

1. d4 f5 2. g3 Nf6 3. Bg2 e6 4. c4 c6 5. Nf3 d5 6. O-O Bd6 7. Bg5 O-O 8. Nbd2
Nbd7 9. Qc2 h6 10. Bf4 Bxf4 11. gxf4 Ne4 12. Rac1 Ndf6 13. e3 Qe8 14. Ne5 Qh5
15. Nxe4 fxe4 16. f3 exf3 17. Bxf3 Qe8 18. Ng6 Rf7 19. Kh1 dxc4 20. Ne5 Rf8 21.
Rg1 Nd5 22. Rxg7+ Kxg7 23. Rg1+ Kf6 24. Qh7 Rf7 25. Nxf7 Qxf7 26. Qxh6+ Ke7 27.
Rg7 Nxe3 28. Qg5+ Kf8 29. Bh5 Qxh5 30. Qe7# 1-0

[Event "Gens una sumus3"]
[Site "http://www.queenalice.com/game.php?id=787069"]
[Date "2010.6.8"]
[Round "-"]
[White "MCMXI"]
[Black "tranquilli_calmo"]
[Result "1-0"]
[WhiteElo "2120"]
[BlackElo "2026"]

1. d4 d5 2. c4 e6 3. Nc3 Nf6 4. cxd5 exd5 5. Bg5 Be7 6. e3 O-O 7. Bd3 c6 8. Nge2
Nbd7 9. O-O Re8 10. Qc2 Nf8 11. a3 g6 12. Nf4 Ne6 13. Nxe6 Bxe6 14. Rfe1 Rc8 15.
b4 a6 16. Na4 Nh5 17. Bxe7 Rxe7 18. Nc5 Ng7 19. Nxb7 Qb6 20. Nc5 a5 21. Ba6 Rb8
22. Qa4 axb4 23. Reb1 Bc8 24. Rxb4 Qc7 25. Rxb8 Qxb8 26. Qxc6 Bxa6 27. Nxa6 Qb2
28. Rf1 Qxa3 29. Nc7 Nf5 30. Nxd5 Re6 31. Qc8+ Kg7 32. Nc7 Re4 33. Ne8+ Kh6 34.
Nf6 Re6 35. Qh8 Nxe3 36. Qxh7+ Kg5 37. Qxf7 Rxf6 38. h4+ Kg4 39. Qxf6 1-0

[Event "Let's Play Chess!"]
[Site "http://www.queenalice.com/game.php?id=788009"]
[Date "2010.6.10"]
[Round "-"]
[White "Datalcar"]
[Black "MCMXI"]
[Result "1-0"]
[WhiteElo "2408"]
[BlackElo "2150"]

1. d4 Nf6 2. c4 c5 3. d5 g6 4. Nc3 Bg7 5. e4 O-O 6. Nf3 d6 7. Be2 e5 8. Be3 Nh5
9. Qd2 Nf4 10. Bxf4 exf4 11. Qxf4 f5 12. exf5 Bxf5 13. O-O Na6 14. Qd2 Rc8 15.
Bd3 Bd7 16. Rfe1 Nb4 17. Be2 Bf5 18. Rac1 Na6 19. Bd3 Bd7 20. a3 Bg4 21. Be4 Nc7
22. Rcd1 Rb8 23. h3 Bd7 24. Ng5 Bh6 25. h4 b5 26. Bd3 bxc4 27. Bxc4 Bg4 28. f3
Bf5 29. Nce4 Na8 30. Qf2 Bxe4 31. Ne6 Qf6 32. Nxf8 Bf5 33. Ne6 Rxb2 34. Re2 Rxe2
35. Qxe2 Qxh4 36. Bd3 Bxe6 37. Qxe6+ Kg7 38. Qe1 Qf6 39. a4 Bg5 40. Bb5 Qf4 41.
Qe4 a5 42. Qxf4 Bxf4 43. Kf2 Nb6 44. Bc6 Kf6 45. g3 Be5 46. f4 Bc3 47. Rd3 Bd4+
48. Kf3 Nc4 49. Ke4 h5 50. Bb5 Nb6 51. Rf3 Kg7 52. Rf1 Bb2 53. f5 c4 54. fxg6 c3
55. Bd3 Kxg6 56. Bc2 Nd7 57. Rf5 Nc5+ 58. Kd4 Nxa4 59. Rf8+ Kg7 60. Rd8 Nc5 61.
Rxd6 Nb3+ 62. Ke5 Na1 63. Rg6+ Kh7 64. d6 1-0

[Event "GAME 02"]
[Site "http://www.queenalice.com/game.php?id=802974"]
[Date "2010.7.14"]
[Round "-"]
[White "anmarton"]
[Black "MCMXI"]
[Result "0-1"]
[WhiteElo "2127"]
[BlackElo "2138"]

1. e4 c5 2. Nf3 e6 3. d4 cxd4 4. Nxd4 a6 5. Nc3 b5 6. a3 Bb7 7. f4 Nf6 8. Qf3 d5
9. e5 Ne4 10. f5 Bc5 11. Be3 Bxd4 12. Bxd4 Nc6 13. O-O-O Nxd4 14. Rxd4 Qg5+ 15.
Kd1 O-O 16. g4 exf5 17. gxf5 Rae8 18. h4 Qh6 19. Nxe4 dxe4 20. Qg3 Qh5+ 21. Kc1
Qxf5 0-1

[Event "Let's Play Chess!"]
[Site "http://www.queenalice.com/game.php?id=1274305"]
[Date "2014.4.19"]
[Round "-"]
[White "dnptrs"]
[Black "MCMXI"]
[Result "1-0"]
[WhiteElo "2136"]
[BlackElo "2138"]

1. d4 Nf6 2. Nf3 e6 3. c4 b6 4. Nc3 Bb4 5. Qb3 c5 6. dxc5 Bxc5 7. Bg5 O-O 8. g3
Nc6 9. Bg2 Na5 10. Qc2 Bb7 11. b3 Bb4 12. a3 Be4 13. Qb2 Bxc3+ 14. Qxc3 d5 15.
cxd5 exd5 16. O-O Rc8 17. Qb4 Nc6 18. Qd2 a5 19. Bh3 Ra8 20. Rfd1 b5 21. Rac1
Ra6 22. Bxf6 gxf6 23. Nd4 Nxd4 24. Qxd4 a4 25. b4 Re8 26. Rc5 Rd6 27. Rxb5 f5
28. Qd2 Rc6 29. Qf4 Rc2 30. f3 Qd7 31. Ra5 1-0

[Event "Let's Play Chess!"]
[Site "http://www.queenalice.com/game.php?id=1274306"]
[Date "2014.4.19"]
[Round "-"]
[White "MCMXI"]
[Black "dnptrs"]
[Result "0-1"]
[WhiteElo "2151"]
[BlackElo "2123"]

1. d4 Nf6 2. c4 e6 3. Nf3 d5 4. Nc3 Be7 5. Bf4 O-O 6. e3 Nh5 7. Be5 c6 8. g4 Nf6
9. g5 Ne4 10. Qe2 Nxg5 11. Nxg5 Bxg5 12. cxd5 exd5 13. e4 f6 14. Bxb8 Rxb8 15.
h4 Bh6 16. h5 Re8 17. Rb1 Be6 18. e5 c5 19. Rd1 cxd4 20. Rxd4 Bf7 21. Qb5 a6 22.
Qb3 b5 23. e6 Qb6 24. Re4 Bxe6 25. Nxd5 Qd6 26. Nxf6+ gxf6 0-1

[Event "Let's Play Chess!"]
[Site "http://www.queenalice.com/game.php?id=1274309"]
[Date "2014.4.19"]
[Round "-"]
[White "Ninho"]
[Black "MCMXI"]
[Result "0-1"]
[WhiteElo "1904"]
[BlackElo "2146"]

1. e4 c5 2. Nf3 e6 3. d3 Nc6 4. c3 Nf6 5. g3 e5 6. Bg2 Be7 7. O-O O-O 8. Nbd2 d5
9. Qc2 a5 10. exd5 Nxd5 11. Nc4 Bf6 12. Re1 Re8 13. a4 Bf5 14. Qd2 Rb8 15. Ne3
Nxe3 16. Rxe3 Qc7 17. Qe1 Qd7 18. Bd2 Bxd3 19. h4 c4 20. Ng5 Ne7 21. Ne4 Nd5 22.
Nxf6+ gxf6 23. Bxd5 Qxd5 24. Qd1 b5 25. Qg4+ Kh8 26. Rae1 bxa4 27. Bc1 f5 28.
Qg5 Qd6 29. f4 f6 30. fxe5 fxe5 31. Qh5 Qf6 32. Qg5 Qb6 33. Kh2 Rg8 34. Qe7 Rge8
35. Qg5 Be4 36. R3e2 Bf3 37. Re3 Bg4 38. Kg2 Rg8 39. Qe7 Qc6+ 40. Kh2 Rge8 41.
Qa3 e4 42. Rf1 Rg8 43. Qe7 Rg7 44. Qe5 Rb5 45. Qf4 Bf3 46. Rf2 Rg4 0-1